[Event "Orel"]
[Site "Orel"]
[Date "1998.??.??"]
[Round "10"]
[White "Kalugin, Sergei G"]
[Black "Koniushkov, Igor"]
[Result "1/2-1/2"]
[WhiteElo "2240"]
[BlackElo "2395"]
[PlyCount "37"]
[EventDate "1998.??.??"]
[EventType "tourn"]
[EventRounds "13"]
[EventCountry "RUS"]
[EventCategory "6"]
[SourceTitle "EXT 2002"]
[Source "ChessBase"]
[SourceDate "2001.11.25"]
[SourceVersion "1"]
[SourceVersionDate "2001.11.25"]
[SourceQuality "1"]

1. c4 c5 2. Nc3 Nf6 3. e4 e6 4. d3 d5 5. Nf3 Nc6 6. Be2 dxe4 7. dxe4 Bd6 8. Bg5 Qe7 9. 0-0 Bd7 10. Qd2 0-0-0 11. Bf4 Bxf4 12. Qxf4 e5 13. Qg3 h6 14. Nd5 Qe6 15. Nd2 Nd4 16. Bd1 Nxd5 17. cxd5 Qe7 18. Rc1 Kb8 19. Bb3 1/2-1/2

[Event "Orel"]
[Site "Orel"]
[Date "1998.??.??"]
[Round "13"]
[White "Koniushkov, Igor"]
[Black "Lunev, Andrey"]
[Result "1/2-1/2"]
[WhiteElo "2395"]
[BlackElo "2400"]
[PlyCount "30"]
[EventDate "1998.??.??"]
[EventType "tourn"]
[EventRounds "13"]
[EventCountry "RUS"]
[EventCategory "6"]
[SourceTitle "EXT 2002"]
[Source "ChessBase"]
[SourceDate "2001.11.25"]
[SourceVersion "1"]
[SourceVersionDate "2001.11.25"]
[SourceQuality "1"]

1. Nf3 c5 2. c4 Nf6 3. g3 Nc6 4. Bg2 d5 5. cxd5 Nxd5 6. Nc3 Nc7 7. d3 e5 8. Be3 Be7 9. Nd2 Nd4 10. Nc4 f6 11. f4 0-0 12. 0-0 Nf5 13. Bf2 exf4 14. gxf4 Rb8 15. Be4 Qe8 1/2-1/2

[Event "Orel"]
[Site "Orel"]
[Date "1998.??.??"]
[Round "7"]
[White "Koniushkov, Igor"]
[Black "Mochalov, Evgeny Veniaminovic"]
[Result "1/2-1/2"]
[WhiteElo "2395"]
[BlackElo "2430"]
[PlyCount "20"]
[EventDate "1998.??.??"]
[EventType "tourn"]
[EventRounds "13"]
[EventCountry "RUS"]
[EventCategory "6"]
[SourceTitle "EXT 2002"]
[Source "ChessBase"]
[SourceDate "2001.11.25"]
[SourceVersion "1"]
[SourceVersionDate "2001.11.25"]
[SourceQuality "1"]

1. e4 c5 2. Nf3 Nc6 3. Bb5 Nf6 4. Nc3 g6 5. Bxc6 dxc6 6. h3 Bg7 7. d3 0-0 8. Be3 b6 9. Qd2 Re8 10. 0-0 e5 1/2-1/2

[Event "RUS-Cup02"]
[Site "Moscow"]
[Date "1998.??.??"]
[Round "8"]
[White "Riazantsev, Alexander"]
[Black "Koniushkov, Igor"]
[Result "0-1"]
[WhiteElo "2290"]
[BlackElo "2395"]
[PlyCount "80"]
[EventDate "1998.01.21"]
[EventType "swiss"]
[EventRounds "9"]
[EventCountry "RUS"]
[SourceTitle "EXT 1999"]
[Source "ChessBase"]
[SourceDate "1998.11.16"]
[SourceVersion "1"]
[SourceVersionDate "1998.11.16"]
[SourceQuality "1"]

1. d4 d5 2. c4 e6 3. Nc3 Be7 4. cxd5 exd5 5. Bf4 Nf6 6. e3 Bf5 7. Qb3 Nc6 8. Qxb7 Nb4 9. Bb5+ Kf8 10. Kd2 Ne4+ 11. Nxe4 Bxe4 12. Bxc7 Qc8 13. Qxc8+ Rxc8 14. f3 Rxc7 15. fxe4 dxe4 16. a3 Nd5 17. Nh3 g5 18. Rhf1 Kg7 19. Ba4 Rb8 20. Rab1 Kg6 21. g4 h5 22. gxh5+ Kxh5 23. Bd1+ Kh4 24. Nf2 f5 25. b4 a5 26. Bb3 Nc3 27. Rbc1 axb4 28. a4 Bd6 29. Rg1 g4 30. Rg2 Rg7 31. Rcg1 Ra8 32. Be6 Rxa4 33. Bxf5 Ra2+ 34. Ke1 g3 35. hxg3+ Rxg3 36. Rh1+ Kg5 37. Bxe4 Rxg2 38. Bxg2 Bg3 39. Bc6 Re2+ 40. Kf1 Rxf2+ 0-1

[Event "Orel"]
[Site "Orel"]
[Date "1998.??.??"]
[Round "8"]
[White "Tevtyuev, Sergei"]
[Black "Koniushkov, Igor"]
[Result "0-1"]
[WhiteElo "2370"]
[BlackElo "2395"]
[PlyCount "106"]
[EventDate "1998.??.??"]
[EventType "tourn"]
[EventRounds "13"]
[EventCountry "RUS"]
[EventCategory "6"]
[SourceTitle "EXT 2002"]
[Source "ChessBase"]
[SourceDate "2001.11.25"]
[SourceVersion "1"]
[SourceVersionDate "2001.11.25"]
[SourceQuality "1"]

1. e4 c5 2. Nf3 Nc6 3. d4 cxd4 4. Nxd4 g6 5. Bc4 Bg7 6. Be3 Nf6 7. Nc3 0-0 8. 0-0 Nxe4 9. Nxe4 d5 10. Nc3 dxc4 11. Nxc6 bxc6 12. Bc5 Qxd1 13. Rfxd1 Re8 14. Rab1 Bf5 15. Rbc1 Rab8 16. Ba3 Bh6 17. Ra1 Rb7 18. Rd4 Be6 19. Na4 Bd5 20. Nc5 Rb5 21. c3 Bg7 22. Rd2 e5 23. Re1 f6 24. f4 Bh6 25. g3 Kf7 26. Rde2 Rbb8 27. fxe5 Rxe5 28. Rxe5 fxe5 29. Rxe5 Re8 30. Rxe8 Kxe8 31. Kf2 Kf7 32. Na6 Ke6 33. Bc5 Bc1 34. Ba3 Kf5 35. h3 Ke5 36. Nc5 Bh1 37. Nd7+ Kf5 38. Nc5 Bd5 39. Na4 Be4 40. Bc5 Bc2 41. b3 cxb3 42. axb3 Bxb3 43. Bxa7 Bxa4 44. Bd4 Ke4 45. Ke2 Bb5+ 46. Kf2 Bc4 47. Bc5 Be6 48. g4 Bg5 49. Kg3 Bf6 50. Bb4 Be5+ 51. Kh4 Kf4 52. Ba5 Bf6+ 53. g5 Bxg5# 0-1

[Event "RUS-Cup6"]
[Site "Krasnodar"]
[Date "1997.03.12"]
[Round "2"]
[White "Koniushkov, Igor"]
[Black "Yakovich, Yuri"]
[Result "0-1"]
[WhiteElo "2405"]
[BlackElo "2575"]
[PlyCount "78"]
[EventDate "1997.03.11"]
[EventType "swiss"]
[EventRounds "9"]
[EventCountry "RUS"]
[SourceTitle "EXT 2000"]
[Source "ChessBase"]
[SourceDate "1999.11.16"]
[SourceVersion "1"]
[SourceVersionDate "1999.11.16"]
[SourceQuality "1"]

1. d4 Nf6 2. Nf3 e6 3. c4 c5 4. d5 exd5 5. cxd5 d6 6. Nc3 g6 7. e4 a6 8. a4 Bg4 9. Be2 Bxf3 10. Bxf3 Bg7 11. 0-0 Nbd7 12. Be2 0-0 13. f4 Re8 14. Bf3 Qa5 15. Bd2 c4 16. Kh1 Qc7 17. Qc2 Nc5 18. Rae1 Nfd7 19. Re2 Rab8 20. Bg4 Nb3 21. Be3 Ndc5 22. Bxc5 Qxc5 23. Ref2 Qd4 24. Rd1 Qe3 25. Qe2 Qc5 26. e5 f5 27. Bf3 dxe5 28. fxe5 Bxe5 29. Qf1 Nd4 30. d6 Bxd6 31. Bd5+ Kg7 32. Qxc4 Qxc4 33. Bxc4 Be5 34. Ne2 Rbd8 35. Nxd4 Rxd4 36. Rc1 Rc8 37. b3 b5 38. axb5 axb5 39. Re2 Bf6 0-1

[Event "RUS-Cup6"]
[Site "Krasnodar"]
[Date "1997.??.??"]
[Round "9"]
[White "Dashko, Andrey"]
[Black "Koniushkov, Igor"]
[Result "0-1"]
[WhiteElo "2210"]
[BlackElo "2405"]
[PlyCount "32"]
[EventDate "1997.03.11"]
[EventType "swiss"]
[EventRounds "9"]
[EventCountry "RUS"]
[SourceTitle "EXT 2000"]
[Source "ChessBase"]
[SourceDate "1999.11.16"]
[SourceVersion "1"]
[SourceVersionDate "1999.11.16"]
[SourceQuality "1"]

1. e4 Nf6 2. Nc3 e5 3. Nf3 Nc6 4. Bb5 Nd4 5. Ba4 Bc5 6. Nxe5 0-0 7. Nd3 Bb6 8. Nf4 d5 9. Nfxd5 Nxe4 10. 0-0 Nxc3 11. Nxc3 Qh4 12. d3 c6 13. Kh1 Bg4 14. Qd2 Bc7 15. f4 Rfe8 16. Ne4 Ne2 0-1

[Event "RUS-Cup5"]
[Site "Ekaterinburg"]
[Date "1997.??.??"]
[Round "9"]
[White "Ibragimov, Alibek"]
[Black "Koniushkov, Igor"]
[Result "1-0"]
[WhiteElo "2250"]
[BlackElo "2405"]
[PlyCount "71"]
[EventDate "1997.02.13"]
[EventType "swiss"]
[EventRounds "9"]
[EventCountry "RUS"]
[SourceTitle "CBM 057 Extra"]
[Source "ChessBase"]
[SourceDate "1997.05.01"]
[SourceVersion "1"]
[SourceVersionDate "1997.05.01"]
[SourceQuality "1"]

1. e4 e5 2. Nf3 Nc6 3. Bb5 a6 4. Ba4 Nf6 5. d4 exd4 6. 0-0 Be7 7. Re1 0-0 8. e5 Nd5 9. Bb3 Nb6 10. c3 dxc3 11. Nxc3 d6 12. exd6 Qxd6 13. Bg5 Qxd1 14. Raxd1 Bxg5 15. Nxg5 Bg4 16. f3 Bh5 17. g4 Bg6 18. f4 h6 19. f5 Bh7 20. Nf3 Rfd8 21. Nd5 Nxd5 22. Bxd5 Rd6 23. Bxc6 Rxc6 24. Rd7 Rf8 25. Ree7 h5 26. h3 hxg4 27. hxg4 Rc1+ 28. Kg2 Rc2+ 29. Kg3 Rxb2 30. Ng5 Rxa2 31. Nxf7 Ra3+ 32. Kh4 Ra1 33. Nh6+ Kh8 34. Rxg7 Rh1+ 35. Kg5 Bg8 36. Kg6 1-0

[Event "Sochi"]
[Site "Sochi"]
[Date "1997.??.??"]
[Round "?"]
[White "Koniushkov, Igor"]
[Black "Doroshkievich, Vladimir K"]
[Result "1/2-1/2"]
[WhiteElo "2405"]
[BlackElo "2385"]
[PlyCount "24"]
[EventDate "1997.??.??"]
[EventType "tourn"]
[EventRounds "13"]
[EventCountry "RUS"]
[EventCategory "8"]
[SourceTitle "EXT 1999"]
[Source "ChessBase"]
[SourceDate "1998.11.16"]
[SourceVersion "1"]
[SourceVersionDate "1998.11.16"]
[SourceQuality "1"]

1. d4 d5 2. c4 e6 3. Nf3 Nf6 4. Nc3 Be7 5. Bg5 h6 6. Bh4 0-0 7. e3 b6 8. cxd5 Nxd5 9. Bxe7 Qxe7 10. Nxd5 exd5 11. Qa4 Be6 12. Rc1 Rc8 1/2-1/2

[Event "Sochi"]
[Site "Sochi"]
[Date "1997.??.??"]
[Round "?"]
[White "Koniushkov, Igor"]
[Black "Egin, Vladimir"]
[Result "1-0"]
[WhiteElo "2405"]
[BlackElo "2425"]
[PlyCount "67"]
[EventDate "1997.??.??"]
[EventType "tourn"]
[EventRounds "13"]
[EventCountry "RUS"]
[EventCategory "8"]
[SourceTitle "EXT 1999"]
[Source "ChessBase"]
[SourceDate "1998.11.16"]
[SourceVersion "1"]
[SourceVersionDate "1998.11.16"]
[SourceQuality "1"]

1. d4 Nf6 2. c4 c5 3. d5 b5 4. cxb5 a6 5. bxa6 Bxa6 6. Nc3 d6 7. Nf3 g6 8. g3 Bg7 9. Bg2 Nbd7 10. 0-0 Nb6 11. Re1 0-0 12. Bf4 Nh5 13. Bg5 h6 14. Bc1 Nf6 15. a3 Ra7 16. Rb1 Qa8 17. e4 Nfd7 18. e5 Nxe5 19. Nxe5 dxe5 20. Be3 Rc8 21. Ne4 Nxd5 22. Bxc5 Rd7 23. b4 Rcd8 24. Qb3 f5 25. Bb6 fxe4 26. Bxd8 Qxd8 27. b5 Bb7 28. Bxe4 Kh7 29. a4 Qa8 30. Rbd1 e6 31. h4 h5 32. Qf3 Kh6 33. g4 Bh8 34. a5 1-0

[Event "RUS-Cup7"]
[Site "Kstovo"]
[Date "1997.??.??"]
[Round "5"]
[White "Koniushkov, Igor"]
[Black "Kulikov, Aleksandr"]
[Result "1/2-1/2"]
[WhiteElo "2405"]
[BlackElo "2285"]
[PlyCount "128"]
[EventDate "1997.05.01"]
[EventType "swiss"]
[EventRounds "9"]
[EventCountry "RUS"]
[SourceTitle "EXT 1999"]
[Source "ChessBase"]
[SourceDate "1998.11.16"]
[SourceVersion "1"]
[SourceVersionDate "1998.11.16"]
[SourceQuality "1"]

1. d4 Nf6 2. c4 c5 3. d5 b5 4. cxb5 a6 5. bxa6 Bxa6 6. Nc3 g6 7. Nf3 d6 8. g3 Bg7 9. Bg2 0-0 10. 0-0 Nbd7 11. Qc2 Qb6 12. Rd1 Rfb8 13. Rb1 Ng4 14. Bd2 Nge5 15. Nxe5 Nxe5 16. b3 Qa7 17. h3 Nd7 18. Be1 Bc8 19. a4 Ba6 20. Bf1 Nb6 21. h4 Qd7 22. a5 Nc8 23. Na4 Ra7 24. Nb2 Rab7 25. Nc4 Qd8 26. e3 Na7 27. Nb6 Bxf1 28. Kxf1 Nc8 29. Nxc8 Rxc8 30. Qc4 Qd7 31. Rdc1 Rcb8 32. Rc2 Rb5 33. Ra2 Qb7 34. Ra4 h5 35. Ke2 Qa6 36. b4 Qa8 37. Rd1 Be5 38. Rd3 Qa7 39. Bd2 Qa8 40. Be1 Qb7 41. a6 Qa7 42. Rda3 Bf6 43. Ra2 Qd7 44. Ra5 Rxa5 45. Rxa5 cxb4 46. a7 Ra8 47. Qxb4 Qc7 48. Qa4 Kh7 49. Ra6 Qb7 50. Qa5 Qb2+ 51. Kf1 Qb8 52. f3 Qb1 53. Kg2 Qb7 54. Bf2 Bc3 55. Qa2 Bb4 56. e4 Bc5 57. Bxc5 dxc5 58. Ra4 Kg7 59. e5 c4 60. Qxc4 Rxa7 61. Rxa7 Qxa7 62. d6 exd6 63. exd6 Qe3 64. Qd5 Qe2+ 1/2-1/2

[Event "RUS-Cup8"]
[Site "Smolensk"]
[Date "1997.??.??"]
[Round "1"]
[White "Koniushkov, Igor"]
[Black "Malaniuk, Vladimir P"]
[Result "1/2-1/2"]
[WhiteElo "2405"]
[BlackElo "2610"]
[PlyCount "65"]
[EventDate "1997.06.13"]
[EventType "swiss"]
[EventRounds "9"]
[EventCountry "RUS"]
[SourceTitle "CBM 058 Extra"]
[Source "ChessBase"]
[SourceDate "1997.07.29"]
[SourceVersion "1"]
[SourceVersionDate "1997.07.29"]
[SourceQuality "1"]

1. d4 f5 2. g3 Nf6 3. Bg2 g6 4. Nf3 Bg7 5. 0-0 0-0 6. c4 d6 7. Nc3 c6 8. d5 e5 9. e4 c5 10. Ng5 fxe4 11. Ncxe4 Qe7 12. Nxf6+ Bxf6 13. Ne4 Bg7 14. Bg5 Qc7 15. Qd2 Bf5 16. Rae1 Nd7 17. h3 a6 18. Nc3 Nf6 19. f4 exf4 20. g4 Bd7 21. Bxf4 Rae8 22. Rxe8 Bxe8 23. Qe1 Bd7 24. Qg3 Ne8 25. b3 Qa5 26. Ne4 Qxa2 27. Nxd6 Nxd6 28. Bxd6 Bd4+ 29. Kh1 Rxf1+ 30. Bxf1 b5 31. Qf3 Qf2 32. Qxf2 Bxf2 33. Kg2 1/2-1/2

[Event "RUS-Cup8"]
[Site "Smolensk"]
[Date "1997.??.??"]
[Round "3"]
[White "Koniushkov, Igor"]
[Black "Popov, Valerij"]
[Result "1-0"]
[WhiteElo "2405"]
[BlackElo "2430"]
[PlyCount "79"]
[EventDate "1997.06.13"]
[EventType "swiss"]
[EventRounds "9"]
[EventCountry "RUS"]
[SourceTitle "CBM 058 Extra"]
[Source "ChessBase"]
[SourceDate "1997.07.29"]
[SourceVersion "1"]
[SourceVersionDate "1997.07.29"]
[SourceQuality "1"]

1. d4 d5 2. c4 e6 3. Nf3 Nf6 4. Nc3 c6 5. e3 Nbd7 6. Bd3 a6 7. e4 dxc4 8. Bxc4 c5 9. e5 Ng4 10. Be3 Qc7 11. Bb3 Be7 12. Rc1 Nxe3 13. fxe3 0-0 14. 0-0 b5 15. Ne4 c4 16. Bc2 Qd8 17. Qe1 Nb6 18. Qg3 h6 19. Nfd2 Nd5 20. Rf3 Bb7 21. Rcf1 Bh4 22. Qg4 Bg5 23. Nxg5 Qxg5 24. Qh3 Qe7 25. Rg3 Kh8 26. Ne4 f5 27. exf6 Nxf6 28. Nxf6 Rxf6 29. Rxf6 Qxf6 30. Rg6 Qf8 31. Qxe6 Re8 32. Qf5 Qxf5 33. Bxf5 Rxe3 34. Rb6 Re1+ 35. Kf2 Re7 36. Bg6 Rd7 37. Ke3 Kg8 38. Bf5 Re7+ 39. Be6+ Kf8 40. d5 1-0

[Event "RUS-Cup5"]
[Site "Ekaterinburg"]
[Date "1997.??.??"]
[Round "8"]
[White "Koniushkov, Igor"]
[Black "Pridorozhni, Aleksei"]
[Result "1/2-1/2"]
[WhiteElo "2405"]
[BlackElo "2235"]
[PlyCount "110"]
[EventDate "1997.02.13"]
[EventType "swiss"]
[EventRounds "9"]
[EventCountry "RUS"]
[SourceTitle "CBM 057 Extra"]
[Source "ChessBase"]
[SourceDate "1997.05.01"]
[SourceVersion "1"]
[SourceVersionDate "1997.05.01"]
[SourceQuality "1"]

1. d4 d5 2. c4 e6 3. Nf3 c6 4. e3 Nf6 5. Nbd2 Nbd7 6. Bd3 Bd6 7. 0-0 0-0 8. e4 dxe4 9. Nxe4 Nxe4 10. Bxe4 Nf6 11. Bc2 h6 12. b3 b5 13. c5 Bc7 14. Ne5 Bxe5 15. dxe5 Qxd1 16. Rxd1 Nd5 17. Bd2 a5 18. a3 Bb7 19. b4 axb4 20. axb4 Rxa1 21. Rxa1 Ra8 22. Rxa8+ Bxa8 23. f4 Bb7 24. g4 Bc8 25. Kf2 Ne7 26. Be4 Bd7 27. Ke3 Kf8 28. Kd4 Ke8 29. Be1 Bc8 30. h3 Bd7 31. Bc3 Nd5 32. Bd2 Ne7 33. Be1 Kf8 34. Bh4 Ng6 35. Bg3 Ne7 36. Bf2 Ke8 37. Bf3 Kf8 38. Ke4 Ke8 39. Be1 Bc8 40. Ke3 Bd7 41. Kd4 Kf8 42. Ke4 Ke8 43. Bg2 Kf8 44. Ke3 Ke8 45. Be4 Ng6 46. Bg3 Ne7 47. Kf3 Nd5 48. Be1 Ne7 49. Bc3 Kf8 50. Bd2 Ke8 51. Kg3 Ng6 52. h4 Ne7 53. h5 Kf8 54. Kf3 Kg8 55. Ke3 g6 1/2-1/2

[Event "Sochi"]
[Site "Sochi"]
[Date "1997.??.??"]
[Round "?"]
[White "Koniushkov, Igor"]
[Black "Volkov, Sergey"]
[Result "1/2-1/2"]
[WhiteElo "2405"]
[BlackElo "2480"]
[PlyCount "28"]
[EventDate "1997.??.??"]
[EventType "tourn"]
[EventRounds "13"]
[EventCountry "RUS"]
[EventCategory "8"]
[SourceTitle "EXT 1999"]
[Source "ChessBase"]
[SourceDate "1998.11.16"]
[SourceVersion "1"]
[SourceVersionDate "1998.11.16"]
[SourceQuality "1"]

1. d4 d5 2. c4 e6 3. Nf3 c6 4. Qc2 Nd7 5. Bg5 Ngf6 6. e3 Qa5+ 7. Nbd2 Ne4 8. Bf4 Bb4 9. a3 g5 10. Bg3 h5 11. 0-0-0 Nxg3 12. hxg3 Be7 13. Be2 g4 14. Ne5 Bf6 1/2-1/2

[Event "RUS-Cup8"]
[Site "Smolensk"]
[Date "1997.??.??"]
[Round "4"]
[White "Kotsur, Pavel"]
[Black "Koniushkov, Igor"]
[Result "1-0"]
[WhiteElo "2480"]
[BlackElo "2405"]
[PlyCount "43"]
[EventDate "1997.06.13"]
[EventType "swiss"]
[EventRounds "9"]
[EventCountry "RUS"]
[SourceTitle "CBM 058 Extra"]
[Source "ChessBase"]
[SourceDate "1997.07.29"]
[SourceVersion "1"]
[SourceVersionDate "1997.07.29"]
[SourceQuality "1"]

1. e4 Nf6 2. e5 Nd5 3. d4 d6 4. c4 Nb6 5. f4 dxe5 6. fxe5 c5 7. d5 e6 8. Nc3 exd5 9. cxd5 c4 10. d6 Nc6 11. Bf4 Be6 12. Nf3 Qd7 13. Be2 0-0-0 14. Qd2 f6 15. exf6 Bxd6 16. 0-0-0 Bc5 17. Qxd7+ Rxd7 18. Ne4 Nd4 19. Nxd4 Bxd4 20. fxg7 Bxg7 21. Nc5 Rxd1+ 22. Rxd1 1-0

[Event "RUS-Cup6"]
[Site "Krasnodar"]
[Date "1997.??.??"]
[Round "7"]
[White "Savenko, Alexei"]
[Black "Koniushkov, Igor"]
[Result "1/2-1/2"]
[WhiteElo "2255"]
[BlackElo "2405"]
[PlyCount "45"]
[EventDate "1997.03.11"]
[EventType "swiss"]
[EventRounds "9"]
[EventCountry "RUS"]
[SourceTitle "EXT 2000"]
[Source "ChessBase"]
[SourceDate "1999.11.16"]
[SourceVersion "1"]
[SourceVersionDate "1999.11.16"]
[SourceQuality "1"]

1. c4 e6 2. Nc3 d5 3. d4 Be7 4. cxd5 exd5 5. Bf4 Nf6 6. e3 Bf5 7. Nge2 0-0 8. Ng3 Be6 9. Bd3 c5 10. dxc5 Bxc5 11. 0-0 Nc6 12. Rc1 d4 13. exd4 Bxd4 14. Nge2 Bb6 15. Bg5 h6 16. Bh4 Ne5 17. Bb1 g5 18. Bg3 Nc4 19. Qc2 Qe7 20. Nf4 gxf4 21. Bh4 Rfc8 22. Ne4 Bf5 23. Bxf6 1/2-1/2

[Event "RUS-Cup7"]
[Site "Kstovo"]
[Date "1997.??.??"]
[Round "4"]
[White "Virovlansky, Semen"]
[Black "Koniushkov, Igor"]
[Result "1/2-1/2"]
[WhiteElo "2225"]
[BlackElo "2405"]
[PlyCount "82"]
[EventDate "1997.05.01"]
[EventType "swiss"]
[EventRounds "9"]
[EventCountry "RUS"]
[SourceTitle "EXT 1999"]
[Source "ChessBase"]
[SourceDate "1998.11.16"]
[SourceVersion "1"]
[SourceVersionDate "1998.11.16"]
[SourceQuality "1"]

1. d4 d5 2. c4 e6 3. Nc3 Be7 4. Nf3 Nf6 5. Bg5 h6 6. Bxf6 Bxf6 7. cxd5 exd5 8. e3 0-0 9. Be2 c6 10. 0-0 Be6 11. b4 Nd7 12. Rc1 a6 13. a4 Rc8 14. Ne1 a5 15. Qb3 axb4 16. Qxb4 c5 17. dxc5 Nxc5 18. Nf3 Qd7 19. Bb5 Qe7 20. Nd4 Rfd8 21. Nce2 Kf8 22. Nf4 Bxd4 23. exd4 Ne4 24. Qb2 Qd6 25. g3 Rxc1 26. Rxc1 Rc8 27. Rxc8+ Bxc8 28. Bd3 Nf6 29. a5 g5 30. Ng2 Ke7 31. Ne3 Kd8 32. Bf5 Bxf5 33. Nxf5 Qe6 34. Nxh6 Nd7 35. Ng8 f5 36. Qxb7 Qe1+ 37. Kg2 Qe4+ 38. Kf1 Qh1+ 39. Ke2 Qe4+ 40. Kf1 Qh1+ 41. Ke2 Qe4+ 1/2-1/2

[Event "RUS-Cup7"]
[Site "Kstovo"]
[Date "1997.??.??"]
[Round "9"]
[White "Zagrebelny, Sergey"]
[Black "Koniushkov, Igor"]
[Result "1/2-1/2"]
[WhiteElo "2480"]
[BlackElo "2405"]
[PlyCount "39"]
[EventDate "1997.05.01"]
[EventType "swiss"]
[EventRounds "9"]
[EventCountry "RUS"]
[SourceTitle "EXT 1999"]
[Source "ChessBase"]
[SourceDate "1998.11.16"]
[SourceVersion "1"]
[SourceVersionDate "1998.11.16"]
[SourceQuality "1"]

1. e4 Nf6 2. e5 Nd5 3. d4 d6 4. Nf3 g6 5. c4 Nb6 6. exd6 cxd6 7. h3 Bg7 8. Nc3 0-0 9. Be3 Nc6 10. Rc1 e5 11. Be2 exd4 12. Nxd4 d5 13. cxd5 Nxd5 14. Nxd5 Nxd4 15. Bxd4 Qxd5 16. Bxg7 Qxd1+ 17. Rxd1 Kxg7 18. 0-0 Be6 19. Bf3 Rac8 20. Rd2 1/2-1/2

[Event "RUS-Cup5"]
[Site "Ekaterinburg"]
[Date "1997.??.??"]
[Round "3"]
[White "Zakharevich, Igor"]
[Black "Koniushkov, Igor"]
[Result "1/2-1/2"]
[WhiteElo "2505"]
[BlackElo "2405"]
[PlyCount "94"]
[EventDate "1997.02.13"]
[EventType "swiss"]
[EventRounds "9"]
[EventCountry "RUS"]
[SourceTitle "CBM 057 Extra"]
[Source "ChessBase"]
[SourceDate "1997.05.01"]
[SourceVersion "1"]
[SourceVersionDate "1997.05.01"]
[SourceQuality "1"]

1. d4 d5 2. Nf3 Nf6 3. c4 e6 4. Bg5 Be7 5. Nc3 h6 6. Bh4 0-0 7. e3 b6 8. Be2 Bb7 9. Bxf6 Bxf6 10. cxd5 exd5 11. 0-0 c6 12. b4 a5 13. bxa5 Rxa5 14. a4 Nd7 15. Rb1 Re8 16. Qc2 Qa8 17. Rfe1 Ba6 18. Bxa6 Rxa6 19. h4 Nf8 20. Rb3 Ne6 21. Reb1 c5 22. Rd1 cxd4 23. exd4 Qc6 24. Qd3 Ra5 25. Rb5 Nf4 26. Qf5 Qxc3 27. Qxf4 Rxb5 28. axb5 Qb3 29. Rc1 Qxb5 30. Qf5 Rd8 31. g4 Qd7 32. Qxd7 Rxd7 33. g5 hxg5 34. hxg5 Be7 35. Ne5 Rb7 36. Rc8+ Kh7 37. f4 Bd6 38. Nd3 f6 39. gxf6 gxf6 40. Rd8 Be7 41. Rxd5 b5 42. Nc5 Ra7 43. Kf2 b4 44. Ke2 Kg6 45. Kd3 Ra3+ 46. Kc4 Rf3 47. Kxb4 Rxf4 1/2-1/2

[Event "Sochi"]
[Site "Sochi"]
[Date "1996.??.??"]
[Round "?"]
[White "Koniushkov, Igor"]
[Black "Baikov, Vladimir A"]
[Result "1-0"]
[WhiteElo "2280"]
[BlackElo "2520"]
[PlyCount "47"]
[EventDate "1996.??.??"]
[EventType "tourn"]
[EventRounds "15"]
[EventCountry "RUS"]
[EventCategory "9"]
[SourceTitle "EXT 1998"]
[Source "ChessBase"]
[SourceDate "1997.11.17"]
[SourceVersion "1"]
[SourceVersionDate "1997.11.17"]
[SourceQuality "1"]

1. d4 d5 2. c4 e6 3. Nc3 Nf6 4. Bg5 Be7 5. e3 0-0 6. Nf3 h6 7. Bh4 b6 8. Be2 Bb7 9. Bxf6 Bxf6 10. cxd5 exd5 11. g4 Nd7 12. h4 g6 13. g5 hxg5 14. hxg5 Bxg5 15. Qb3 c6 16. 0-0-0 Bf6 17. Rdg1 Qe7 18. e4 Bg7 19. Bd3 dxe4 20. Rxg6 exf3 21. Rhg1 Kh8 22. Rxg7 Nf6 23. R7g3 Nh7 24. Bxh7 1-0

[Event "Yalta op"]
[Site "Yalta"]
[Date "1996.??.??"]
[Round "4"]
[White "Koniushkov, Igor"]
[Black "Goloshchapov, Alexander"]
[Result "1/2-1/2"]
[WhiteElo "2280"]
[BlackElo "2445"]
[PlyCount "40"]
[EventDate "1996.??.??"]
[EventType "swiss"]
[EventRounds "11"]
[EventCountry "UKR"]
[SourceTitle "EXT 1998"]
[Source "ChessBase"]
[SourceDate "1997.11.17"]
[SourceVersion "1"]
[SourceVersionDate "1997.11.17"]
[SourceQuality "1"]

1. d4 Nf6 2. Nf3 g6 3. c4 Bg7 4. g3 0-0 5. Bg2 d6 6. 0-0 Nbd7 7. Nc3 e5 8. e4 c6 9. h3 Re8 10. Re1 a5 11. Be3 exd4 12. Nxd4 Nc5 13. Qc2 a4 14. Rad1 Nfd7 15. f4 Qa5 16. Bf2 Nb6 17. Bf1 Bd7 18. Nb1 Re7 19. Nf3 Rae8 20. e5 Bf5 1/2-1/2

[Event "Sochi"]
[Site "Sochi"]
[Date "1996.??.??"]
[Round "?"]
[White "Koniushkov, Igor"]
[Black "Ivanov, Victor L"]
[Result "1-0"]
[WhiteElo "2280"]
[BlackElo "2450"]
[PlyCount "69"]
[EventDate "1996.??.??"]
[EventType "tourn"]
[EventRounds "15"]
[EventCountry "RUS"]
[EventCategory "9"]
[SourceTitle "EXT 1998"]
[Source "ChessBase"]
[SourceDate "1997.11.17"]
[SourceVersion "1"]
[SourceVersionDate "1997.11.17"]
[SourceQuality "1"]

1. d4 Nf6 2. c4 c5 3. d5 b5 4. cxb5 a6 5. bxa6 Bxa6 6. Nf3 d6 7. Nc3 g6 8. g3 Bg7 9. Bg2 Nbd7 10. 0-0 Nb6 11. Re1 0-0 12. Bf4 Nc4 13. Qc1 Qa5 14. Nd2 Nb6 15. Qc2 c4 16. e4 Nfd7 17. Nf3 Nc5 18. Be3 Nd3 19. Reb1 Nxb2 20. Nd4 N2a4 21. Nce2 Bb7 22. Rb5 Qxb5 23. Nxb5 Bxa1 24. Qb1 Bg7 25. Bxb6 Nxb6 26. Nc7 Rab8 27. Qxb6 Bxd5 28. Qe3 Rb1+ 29. Bf1 Bc6 30. Nc3 Bxc3 31. Qxc3 Rc8 32. Nd5 Bxd5 33. exd5 Rd1 34. Qb4 c3 35. Qg4 1-0

[Event "Krasnodar op"]
[Site "Krasnodar"]
[Date "1996.??.??"]
[Round "4"]
[White "Koniushkov, Igor"]
[Black "Kondenko, Alexey"]
[Result "1/2-1/2"]
[WhiteElo "2280"]
[BlackElo "2230"]
[PlyCount "47"]
[EventDate "1996.??.??"]
[EventType "swiss"]
[EventRounds "11"]
[EventCountry "RUS"]
[SourceTitle "EXT 2000"]
[Source "ChessBase"]
[SourceDate "1999.11.16"]
[SourceVersion "1"]
[SourceVersionDate "1999.11.16"]
[SourceQuality "1"]

1. d4 Nf6 2. Nf3 g6 3. g3 Bg7 4. Bg2 d6 5. 0-0 0-0 6. c4 Nc6 7. Nc3 Bf5 8. Ne1 Qd7 9. e4 Bh3 10. Nc2 Rae8 11. f3 h5 12. Be3 h4 13. Bxh3 Qxh3 14. g4 e5 15. dxe5 Nxe5 16. Qe2 c6 17. Rad1 Re6 18. g5 Nh5 19. f4 Nxc4 20. Qxc4 Qg4+ 21. Kh1 Ng3+ 22. hxg3 Qh3+ 23. Kg1 Qxg3+ 24. Kh1 1/2-1/2